000 01574cam a2200445 i 4500
001 55682
005 20230410142348.0
008 770601s1976 sp b 001 0 spa
010 _a 77463578
035 _a(OCoLC)ocm03070024
040 _aDLC
_cDLC
_dPL#
_dUBA
015 _aSp76-Oct
020 _a8400034775 :
_c196ptas
020 _a9788400034771
029 1 _aNLGGC
_b853932239
029 1 _aAU@
_b000000883001
035 _a(OCoLC)3070024
043 _as-py---
050 1 4 _aBX1482.2
_bM827i 1976
092 _a282.892
_bM8272i
049 _aGRAL
100 1 _aMora Mérida, José Luis.
245 1 0 _aIglesia y sociedad en Paraguay en el siglo XVIII /
_cJosé Luis Mora Mérida.
260 _aSevilla :
_bEscuela de Estudios Hispanoamericanos de Sevilla,
_c1976.
300 _ax, 162 p. ;
_c19 cm.
490 1 _aPublicaciones de la Escuela de Estudios Hispanoamericanos de Sevilla ; 235
504 _aIncludes bibliographical references and index.
610 2 0 _aCatholic Church
_zParaguay
_xHistory.
651 0 _aParaguay
_xChurch history.
651 0 _aParaguay
_xSocial conditions.
653 _aIglesia Católica
_aParaguay
_aHistoria.
653 _aParaguay
_aHistoria religiosa.
653 _aParaguay
_aCondiciones sociales.
650 7 _aIgreja católica (história)
_ySéculo 18
_zParaguai.
_2larpcal
830 0 _aPublicaciones de la Escuela de Estudios Hispano-Americanos de la Universidad de Sevilla ;
_v235.
938 _aPuvill Libros
_bPUVL
_n8400034775
_c$34.54
942 _2lcc
_cbk
946 _amjcruz
994 _aC0
_bDRFGD
999 _c94290
_d94290